000 00289nam a2200121 a 4500
008 100917s1982|||| d
100 1 _aDickens, Charles
245 1 0 _aKronika Pickwickovho klubu 2
260 _aBratislava
_bTatran
_c1982
044 _axo
_cSK
041 _aslo
020 _c75
999 _c10421
_d10421